000 01825cad a22002535a 4500
001 L146274
008 090105e20081223xxkdo f 000 0 eng d
020 _a9781409809555
035 _a(Sirsi) u146274
041 0 _aeng
050 0 4 _a306.1 $2 18
110 2 _aUnited Kingdom
_bDepartment for Communities and Local Government
_94939
245 0 0 _aDelivering lifetime homes, lifetime neighbourhoods
_ba national strategy for housing in an ageing society
_h[electronic resource]
260 _aWetherby
_bDCLG
_c2008
505 2 _aHeadline delivery priorities: help to make the right choice, information and advice; that bit of help, minor repairs and adaptations, 'handyperson' services; modernising disabled facilities grant; lifetime homes; lifetime neighbourhoods; specialising housing -- A partnership approach to delivery: government's delivery role; Housing and Older People Development Group (HOPDEV) role; local authorities' roles; regional roles; other partners -- Action points update
520 _aA follow up to the document 'Lifetime homes, lifetime neighbourhoods: a national strategy for housing in an ageing society', the document sets out a record of the recommendations and actions which were proposed in the strategy of this earlier document. Also discusses key initiatives that are due to be launched as part of the strategy.
520 _aSee also Lifetime homes, lifetime neighbourhoods: a national strategy for housing in an ageing society (L142651).
521 _aAdvanced
590 _aKA NTK
651 4 _aEngland and Wales
_y1543-
690 _aPROPERTY-RESIDENTIAL PROPERTY-DOMESTIC RESIDENTIAL PROPERTY-HOUSING
856 4 0 _uhttps://www.communities.gov.uk/documents/housing/pdf/deliveringlifetimehomes.pdf
_zView the item free of charge online at www.communities.gov.uk...
942 _n0
999 _c109091
_d109091